| 000 | 00706nac a22002171u 4500 | ||
|---|---|---|---|
| 010 | _a 82073268 | ||
| 020 | _a0201092808 : | ||
| 082 | 0 | 0 |
_a623.8207 _bWOO |
| 090 |
_c9515 _d9515 |
||
| 100 | _a20080729 | ||
| 245 | 0 | 0 |
_aWooden boat : _ban appreciation of the craft / _ceditors of WoodenBoat magazine. |
| 260 |
_aReading, Mass. : _bAddison-Wesley Pub. Co.,c1982. _cc1982. |
||
| 300 |
_a311 p. : _bill. (some col.) ; _c29 cm. |
||
| 500 | _aIncludes index. | ||
| 500 | _aDistributer : Al-Ahram. | ||
| 511 | _aCatalogued By: Mahitab. | ||
| 650 | 0 | _aSailboats. | |
| 650 | 0 | _aSailing ships. | |
| 650 | 0 | _aBoatbuilding. | |
| 942 |
_cBB _k623.8207WOO |
||
| 999 |
_c9515 _d9515 |
||